| 000 | 01523nam a2200349 i 4500 | ||
|---|---|---|---|
| 001 | 96118 | ||
| 003 | ES-MaACL | ||
| 005 | 20251015135952.0 | ||
| 007 | t| | ||
| 008 | 050610q1933 sp |||| | spa d | ||
| 040 | _cES-MaACL | ||
| 100 | 1 |
_aDiego-Madrazo, Enrique, _d1850-1942 _9165773 _eaut |
|
| 245 | 1 | 0 |
_aConferencias dadas en el Ateneo de Madrid / _cEnrique D. Madrazo. |
| 260 |
_aMadrid : _b[s.n., _c1933?] _f(Imp. de G. Hernández y Galo Sáez) |
||
| 300 |
_a305 páginas ; _c19 cm. |
||
| 505 | _aEugenesia ; Papel social de la mujer ; Experimentación y pedagogía ; Teatro de Benavente y la crítica de su tiempo ; Galdós y Menéndez Pelayo | ||
| 530 | _aDisponible en formato digital | ||
| 600 | 1 | 7 |
_aBenavente, Jacinto, _d1866-1954- _xCrítica e interpretación _9169710 |
| 600 | 1 | 4 |
_aPérez Galdós, Benito, _d1843-1920- _xCrítica e interpretación _990875 |
| 600 | 1 | 4 |
_aMenéndez y Pelayo, Marcelino, _d1856-1912- _xCrítica e interpretación _980334 |
| 610 | 2 | 4 |
_aAteneo de Madrid- _vConferencias- _y1900-1939 _91907 |
| 650 | 4 |
_aEugenesia. _912606 |
|
| 650 | 4 |
_aMujeres- _xSituación social- _yS.XX. _9167814 |
|
| 650 | 7 |
_aPedagogía _2embne _915904 |
|
| 740 | 0 | 2 | _aPapel social de la mujer. |
| 740 | 0 | 2 | _aExperimentación y pedagogía. |
| 852 | 4 |
_aES-MaACL _cSPP1 _jA-1544 |
|
| 856 | 4 |
_uhttps://bvpb.mcu.es/es/consulta/registro.do?id=577795 _y(Biblioteca Virtual del Patrimonio Bibliográfico) |
|
| 942 |
_cMONOGRAFIA _n0 |
||
| 999 |
_c96118 _d96118 |
||